[Event "USCL Philadelphia vs New York"]
[Site "?"]
[Date "2005.11.02"]
[Round "10"]
[White "Bonin, Jay"]
[Black "Costigan, Richard"]
[Result "1-0"]
[WhiteElo "2421"]
[BlackElo "2284"]
[PlyCount "63"]
[EventDate "2015.05.30"]
[SourceDate "2015.05.31"]

1. d4 d5 2. Bg5 h6 3. Bh4 c5 4. dxc5 g5 5. Bg3 Bg7 6. c3 Na6 7. e4 Nf6 8. Bb5+
Kf8 9. Bxa6 bxa6 10. exd5 Nxd5 11. Nf3 Bg4 12. Nbd2 Nf4 13. Bxf4 gxf4 14. Qa4
Qc7 15. O-O Rb8 16. Qa3 Rg8 17. Kh1 Qc6 18. Rg1 Rd8 19. Qb4 e5 20. Rae1 f6 21.
Qe4 Qxc5 22. Qg6 Qc8 23. Ne4 Bf5 24. Qh5 Bg4 25. Qh4 Qf5 26. Nxe5 Qxe5 27. Qxg4
f5 28. Qh4 Re8 29. f3 Qc7 30. Nf6 Re3 31. Nd5 Qe5 32. Nxf4 1-0

[Event "USCL Philadelphia vs New York"]
[Site "?"]
[Date "2005.11.02"]
[Round "10"]
[White "Bengtson, Matthew"]
[Black "Braylovsky, Gregory"]
[Result "1-0"]
[WhiteElo "2271"]
[BlackElo "2386"]
[PlyCount "127"]
[EventDate "2015.05.30"]
[SourceDate "2015.05.31"]

1. d4 d5 2. c4 e5 3. dxe5 d4 4. Nf3 Nc6 5. g3 Nge7 6. Bg2 Ng6 7. O-O Ngxe5 8.
Nbd2 Be7 9. Nxe5 Nxe5 10. Nf3 Nxf3+ 11. Bxf3 O-O 12. Qd3 Bf6 13. Bf4 c6 14.
Rfd1 Qb6 15. b3 Qc5 16. Be4 Qh5 17. Bf3 Qc5 18. Be4 Qh5 19. Bf3 Bg4 20. Bxg4
Qxg4 21. Kg2 Rfe8 22. Re1 Rad8 23. Rad1 g5 24. Bc1 c5 25. h3 Qe4+ 26. Qxe4 Rxe4
27. Kf3 Rde8 28. Rd3 h5 29. g4 hxg4+ 30. hxg4 Bd8 31. e3 Rf4+ 32. exf4 Rxe1 33.
Bd2 Rd1 34. Ke4 gxf4 35. Bxf4 Re1+ 36. Kd5 Re2 37. Rd2 Rxd2 38. Bxd2 Bh4 39. f4
Bf2 40. Ke4 Kg7 41. Kf3 Bh4 42. b4 b6 43. Ke4 Kf6 44. a4 Bf2 45. b5 Ke6 46. a5
bxa5 47. Bxa5 Kd7 48. Bd2 f6 49. Kf3 Bh4 50. Ba5 Kd6 51. Ke4 Bf2 52. g5 fxg5
53. fxg5 Be3 54. g6 Bh6 55. Be1 Bg7 56. Bg3+ Kd7 57. Bb8 a6 58. bxa6 Kc6 59.
Be5 Bxe5 60. Kxe5 d3 61. a7 Kb7 62. a8=Q+ Kxa8 63. g7 d2 64. g8=Q+ 1-0

[Event "USCL Philadelphia vs New York"]
[Site "?"]
[Date "2005.11.02"]
[Round "10"]
[White "Rosenberg, Evan"]
[Black "Shahade, Michael"]
[Result "1-0"]
[WhiteElo "2123"]
[BlackElo "2242"]
[PlyCount "91"]
[EventDate "2015.05.30"]
[SourceDate "2015.05.31"]

1. d4 d5 2. Bg5 h6 3. Bh4 c6 4. e3 Qb6 5. Qc1 e5 6. Nf3 e4 7. Nfd2 Be7 8. Bxe7
Nxe7 9. c4 Nd7 10. Nc3 O-O 11. Be2 Nf6 12. O-O Bg4 13. f3 exf3 14. Nxf3 Ng6 15.
Bd3 Bxf3 16. Rxf3 dxc4 17. Bxc4 Rae8 18. Qc2 Nh8 19. Rxf6 gxf6 20. Ne4 Qd8 21.
Rf1 Re6 22. Bxe6 fxe6 23. Qb3 Qe7 24. Nc5 Kf7 25. Qd1 Ng6 26. Qh5 f5 27. Rf3
Qg5 28. Qh3 Ke7 29. Rg3 Qf6 30. Qxh6 Rg8 31. Nxb7 f4 32. Rg4 e5 33. dxe5 Qxe5
34. Qg5+ Qxg5 35. Rxg5 fxe3 36. Rg3 e2 37. Re3+ Kf6 38. Rxe2 Nf4 39. Rc2 Ke5
40. g3 Nh3+ 41. Kg2 Nf4+ 42. Kf3 Nd3 43. Rxc6 Nxb2 44. Ra6 Rf8+ 45. Kg2 Rf7 46.
Nd8 1-0

[Event "USCL Baltimore vs Boston"]
[Site "?"]
[Date "2005.11.02"]
[Round "10"]
[White "Winer, Steven"]
[Black "Enkhbat, Tegshsuren"]
[Result "0-1"]
[WhiteElo "2410"]
[BlackElo "2420"]
[PlyCount "96"]
[EventDate "2015.05.30"]
[SourceDate "2015.05.31"]

1. d4 Nf6 2. c4 c6 3. Nc3 d5 4. Nf3 a6 5. cxd5 cxd5 6. Bg5 Ne4 7. Bh4 Nxc3 8.
bxc3 g6 9. e3 Bg7 10. c4 Nc6 11. Rc1 Bg4 12. Be2 dxc4 13. Bxc4 Qa5+ 14. Kf1 O-O
15. h3 Bxf3 16. Qxf3 Qa3 17. Rc2 e5 18. dxe5 Nxe5 19. Qe2 Rac8 20. Bb3 b5 21.
Bg3 a5 22. Bxe5 Bxe5 23. g3 a4 24. Bd5 Rc5 25. Rxc5 Qxc5 26. Qf3 b4 27. Kg2 Qc2
28. Re1 Qc3 29. Rb1 Kg7 30. Qe4 Bd6 31. Bc6 b3 32. axb3 a3 33. Qd4+ Be5 34. Qa4
a2 35. Qxa2 Qxc6+ 36. Kg1 Qf3 37. b4 h5 38. Qc4 Rd8 39. Qf1 Rd2 40. Qg2 Qf5 41.
Rf1 Rb2 42. Qd5 Rxb4 43. f4 Bb8 44. Qxf5 gxf5 45. Kg2 Rb3 46. Re1 Ba7 47. e4
Rb2+ 48. Kf3 Rf2# 0-1

[Event "USCL Baltimore vs Boston"]
[Site "?"]
[Date "2005.11.02"]
[Round "10"]
[White "Kaufman, Larry"]
[Black "MacIntyre, Paul"]
[Result "0-1"]
[WhiteElo "2368"]
[BlackElo "2315"]
[PlyCount "74"]
[EventDate "2015.05.30"]
[SourceDate "2015.05.31"]

1. e4 e5 2. Nf3 Nc6 3. Bb5 a6 4. Bxc6 dxc6 5. O-O Bg4 6. h3 Bh5 7. g4 Bg6 8.
Nxe5 Bd6 9. Nxg6 hxg6 10. Qf3 Qh4 11. Kg2 O-O-O 12. Nc3 Ne7 13. Ne2 f5 14. exf5
gxf5 15. d3 Rdf8 16. Bd2 f4 17. Rh1 Ng6 18. Bc3 Qg5 19. Kf1 Re8 20. Ng1 Nh4 21.
Qd1 Qd5 22. f3 Re3 23. Bd2 Re7 24. Be1 Bc5 25. Bxh4 Rxh4 26. Rh2 Qd4 27. Kg2
Qxb2 28. Kh1 g5 29. Re2 Qh8 30. Kg2 Rxe2+ 31. Qxe2 Bxg1 32. Rxg1 Rxh3 33. Kf1
Qa1+ 34. Kf2 Rh2+ 35. Rg2 Qd4+ 36. Ke1 Rh1+ 37. Kd2 Qb4+ 0-1

[Event "USCL Carolina vs Dallas"]
[Site "?"]
[Date "2005.11.02"]
[Round "10"]
[White "Schneider, Dmitry"]
[Black "Milman, Lev"]
[Result "1-0"]
[WhiteElo "2509"]
[BlackElo "2538"]
[PlyCount "75"]
[EventDate "2015.05.30"]
[SourceDate "2015.05.31"]

1. e4 c5 2. Nf3 d6 3. d4 cxd4 4. Nxd4 Nf6 5. Nc3 a6 6. h3 e6 7. g4 d5 8. Bg2
Bb4 9. Bd2 dxe4 10. Nxe4 Be7 11. Nxf6+ Bxf6 12. Be3 Nd7 13. O-O O-O 14. c4 Ne5
15. Rc1 Ng6 16. c5 Qc7 17. c6 b6 18. Ne2 Rb8 19. b4 Be5 20. f4 Bd6 21. Qd2 Ne7
22. Rfd1 Nd5 23. Bxd5 exd5 24. f5 Qe7 25. Bg5 Qe4 26. Qxd5 Qxd5 27. Rxd5 Bxb4
28. Rcd1 Bc5+ 29. Kf1 a5 30. c7 Ra8 31. Rd8 f6 32. Bf4 h5 33. Bd6 Bxd6 34.
R1xd6 hxg4 35. hxg4 b5 36. Nf4 Bb7 37. Rxa8 Bxa8 38. Rd8 1-0

[Event "USCL Carolina vs Dallas"]
[Site "?"]
[Date "2005.11.02"]
[Round "10"]
[White "Hoekstra, Matthew"]
[Black "Zaremba, Andrei"]
[Result "0-1"]
[WhiteElo "2395"]
[BlackElo "2354"]
[PlyCount "60"]
[EventDate "2015.05.30"]
[SourceDate "2015.05.31"]

1. d4 d5 2. c4 c6 3. cxd5 cxd5 4. Nc3 Nf6 5. Nf3 Nc6 6. Bf4 e6 7. e3 Bd6 8. Ne5
O-O 9. Bd3 Bxe5 10. dxe5 Nd7 11. Qg4 Ndxe5 12. Bxe5 Nxe5 13. Bxh7+ Kxh7 14.
Qh5+ Kg8 15. Qxe5 Qb6 16. O-O-O Bd7 17. Rd4 f6 18. Qh5 Be8 19. Qh3 Rc8 20. f4
Bg6 21. Rhd1 Rc7 22. e4 Bxe4 23. f5 Bxf5 24. g4 Bg6 25. Qg3 Rfc8 26. g5 fxg5
27. h4 Qa5 28. Kd2 e5 29. Qxe5 Rxc3 30. bxc3 Qxc3+ 0-1

[Event "USCL Carolina vs Dallas"]
[Site "?"]
[Date "2005.11.02"]
[Round "10"]
[White "Copeland, Sam"]
[Black "Pecora, David"]
[Result "1/2-1/2"]
[WhiteElo "2019"]
[BlackElo "2098"]
[PlyCount "63"]
[EventDate "2015.05.30"]
[SourceDate "2015.05.31"]

1. e4 c5 2. c3 e6 3. d4 d5 4. e5 Nc6 5. Nf3 Qb6 6. Bd3 Bd7 7. O-O cxd4 8. cxd4
Nxd4 9. Nxd4 Qxd4 10. Nc3 Qxe5 11. Re1 Qb8 12. Nxd5 Bd6 13. Qh5 Ne7 14. Nc3 h6
15. Ne4 Bf4 16. Nc5 g6 17. Qh4 Bxc1 18. Raxc1 Qd6 19. Red1 Nd5 20. Nxb7 Qb4 21.
Qxb4 Nxb4 22. Be4 Nd5 23. Bxd5 exd5 24. Rxd5 Be6 25. Ra5 O-O 26. h3 Rfc8 27.
Rxc8+ Rxc8 28. Rxa7 Rc1+ 29. Kh2 Rc2 30. f3 Rxb2 31. Nd8 Rxa2 32. Rxa2 1/2-1/2

[Event "USCL New York vs Baltimore"]
[Site "?"]
[Date "2005.11.09"]
[Round "11"]
[White "Enkhbat, Tegshsuren"]
[Black "Bonin, Jay"]
[Result "0-1"]
[WhiteElo "2420"]
[BlackElo "2421"]
[PlyCount "64"]
[EventDate "2015.05.30"]
[SourceDate "2015.05.31"]

1. Nf3 Nf6 2. c4 g6 3. Nc3 Bg7 4. e4 d6 5. d4 O-O 6. Be2 e5 7. Be3 exd4 8. Nxd4
Re8 9. f3 Nc6 10. Qd2 Nh5 11. O-O Nxd4 12. Bxd4 Nf4 13. Rfd1 Bxd4+ 14. Qxd4
Nxe2+ 15. Nxe2 b6 16. b4 a5 17. a3 Bb7 18. Nc3 Qg5 19. Rac1 axb4 20. axb4 f5
21. exf5 Bxf3 22. Rd2 Re2 23. Rxe2 Qxc1+ 24. Kf2 Bxe2 25. Qd5+ Kg7 26. f6+ Kxf6
27. Qxa8 Bxc4 28. Qh8+ Kg5 29. Qd8+ Kh5 30. g4+ Kxg4 31. Qc8+ Kh4 32. Qd8+ g5
0-1

[Event "USCL New York vs Baltimore"]
[Site "?"]
[Date "2005.11.09"]
[Round "11"]
[White "Shahade, Jennifer"]
[Black "Kaufman, Larry"]
[Result "0-1"]
[WhiteElo "2318"]
[BlackElo "2368"]
[PlyCount "126"]
[EventDate "2015.05.30"]
[SourceDate "2015.05.31"]

1. e4 e6 2. d4 d5 3. Nd2 c5 4. exd5 Qxd5 5. Ngf3 cxd4 6. Bc4 Qd6 7. O-O Nf6 8.
Nb3 Nc6 9. Nbxd4 Nxd4 10. Qxd4 Bd7 11. Be3 Qxd4 12. Bxd4 Rc8 13. Bb3 Bc5 14.
Rfd1 Ke7 15. c3 Rhd8 16. Rd2 Bxd4 17. Nxd4 Ne4 18. Re2 Nd6 19. Rd1 a5 20. a4 g6
21. f3 Nc4 22. Nb5 Bxb5 23. Rxd8 Rxd8 24. axb5 Nd6 25. Re5 b6 26. Kf2 Kf6 27.
f4 h6 28. Ke2 g5 29. Kf3 Nf5 30. g3 gxf4 31. gxf4 Rd3+ 32. Kf2 Rh3 33. Kg2 Rh4
34. Re4 Nd6 35. Rd4 Nxb5 36. Rd7 Rxf4 37. Rb7 a4 38. Rxb6 Nxc3 39. Bxe6 fxe6
40. bxc3 Rc4 41. Ra6 h5 42. Ra5 e5 43. Ra6+ Kf5 44. Ra5 Kf4 45. Kf2 h4 46. Ke2
Rxc3 47. Rxa4+ e4 48. Ra2 h3 49. Kf1 Rc1+ 50. Kf2 Rh1 51. Ra3 Rxh2+ 52. Kg1
Rg2+ 53. Kh1 Rg3 54. Ra8 Kf3 55. Ra3+ e3 56. Kh2 Rg8 57. Ra7 Kf2 58. Rf7+ Ke1
59. Ra7 e2 60. Ra1+ Kf2 61. Ra2 Kf1 62. Kxh3 e1=Q 63. Rf2+ Kxf2 0-1

[Event "USCL San Francisco vs Miami"]
[Site "?"]
[Date "2005.11.09"]
[Round "11"]
[White "Martinez, Marcel"]
[Black "Zilberstein, Dmitry"]
[Result "1-0"]
[WhiteElo "2451"]
[BlackElo "2425"]
[PlyCount "127"]
[EventDate "2015.05.30"]
[SourceDate "2015.05.31"]

1. e4 e5 2. Nf3 Nc6 3. Bb5 Nf6 4. d3 d6 5. c3 g6 6. O-O Bg7 7. Re1 O-O 8. Nbd2
Bd7 9. Nf1 Qe8 10. Ne3 a6 11. Ba4 Ne7 12. Bb3 Bc6 13. Nc4 b5 14. Na5 Bd7 15. d4
Nc6 16. Nxc6 Bxc6 17. Bc2 h6 18. a4 Qe7 19. h3 Rfe8 20. d5 Bd7 21. Bd2 c6 22.
dxc6 Bxc6 23. axb5 axb5 24. Rxa8 Rxa8 25. Bd3 Qb7 26. Qc2 Nd7 27. b4 Nb6 28.
Bf1 Nc4 29. Bc1 d5 30. exd5 Bxd5 31. Nd2 Nd6 32. Nb3 Kh7 33. Na5 Qc7 34. Rd1
Be6 35. Be3 f5 36. f3 Nb7 37. Nxb7 Qxb7 38. Rd6 Ra6 39. Qd2 e4 40. Rxa6 Qxa6
41. fxe4 fxe4 42. Qd8 Qc6 43. Bd4 Bxd4+ 44. Qxd4 Bd5 45. Kf2 Kg8 46. Ke3 Qd6
47. Qc5 Qg3+ 48. Kd4 Bf7 49. Bxb5 Qxg2 50. Bc6 Qf2+ 51. Kxe4 Qe2+ 52. Kd4 Qd2+
53. Ke5 Qh2+ 54. Kf6 Qxh3 55. Ke7 Qc8 56. Qd6 Qf8+ 57. Kd7 Qg7 58. Qd4 Qf8 59.
b5 Qe8+ 60. Kc7 Qe7+ 61. Bd7 Be6 62. Qd6 Qxd6+ 63. Kxd6 Bc4 64. Be6+ 1-0

[Event "USCL San Francisco vs Miami"]
[Site "?"]
[Date "2005.11.09"]
[Round "11"]
[White "Pruess, David"]
[Black "Lugo, Blas"]
[Result "1-0"]
[WhiteElo "2429"]
[BlackElo "2409"]
[PlyCount "85"]
[EventDate "2015.05.30"]
[SourceDate "2015.05.31"]

1. c4 e5 2. Nc3 Bb4 3. Qc2 Nf6 4. a3 Bxc3 5. Qxc3 Nc6 6. b4 O-O 7. e3 d5 8.
cxd5 Nxd5 9. Qc5 Re8 10. Bb2 Nb6 11. Qc2 Bg4 12. Nf3 e4 13. b5 exf3 14. bxc6
Qg5 15. cxb7 Rad8 16. h4 Qd5 17. Rg1 h5 18. gxf3 Qxf3 19. Rg3 Qh1 20. f3 Qh2
21. Rg2 Qxh4+ 22. Ke2 Nd5 23. Qc4 Qg5 24. Kf2 Nxe3 25. dxe3 Qxe3+ 26. Kg3 Bxf3
27. Bc1 Qe5+ 28. Kxf3 Rd4 29. Qc6 Qf5+ 30. Kg3 Qe5+ 31. Kh3 Rd6 32. Qf3 Rf6 33.
Qg3 Qf5+ 34. Kh2 Rg6 35. Qf4 Qxf4+ 36. Bxf4 Rb6 37. Ba6 Rxa6 38. Bxc7 f6 39.
Rb2 g5 40. Rd1 Kf7 41. Bd8 Rxa3 42. b8=Q h4 43. Qc7+ 1-0

[Event "USCL San Francisco vs Miami"]
[Site "?"]
[Date "2005.11.09"]
[Round "11"]
[White "Cabrera, Jose"]
[Black "Lee, Andy"]
[Result "1-0"]
[WhiteElo "2094"]
[BlackElo "2270"]
[PlyCount "87"]
[EventDate "2015.05.30"]
[SourceDate "2015.05.31"]

1. c4 Nf6 2. Nf3 g6 3. Nc3 Bg7 4. g3 O-O 5. Bg2 d6 6. O-O Nc6 7. d3 Nh5 8. Rb1
f5 9. e3 e5 10. Nd5 Ne7 11. b4 c6 12. Nxe7+ Qxe7 13. b5 c5 14. Nd2 Be6 15. a4
Rad8 16. b6 a6 17. Nb3 Qf7 18. Na5 Rd7 19. Bb2 Rfd8 20. Qe2 d5 21. Rfd1 e4 22.
cxd5 Bxd5 23. dxe4 fxe4 24. Bxg7 Nxg7 25. Qc2 Ne6 26. h4 Qf5 27. Rxd5 Qxd5 28.
Bxe4 Qe5 29. Nxb7 Rd2 30. Qc4 R8d4 31. exd4 Qxe4 32. Rf1 Rxd4 33. Qxa6 Rd7 34.
Nxc5 Nxc5 35. Qc8+ Kg7 36. Qxc5 Qxa4 37. Re1 Rd1 38. Qe7+ Kg8 39. b7 Rxe1+ 40.
Qxe1 Qb5 41. Qe6+ Kg7 42. Qe7+ Kh6 43. Qg5+ Kg7 44. Qxb5 1-0

[Event "USCL Baltimore vs Miami"]
[Site "?"]
[Date "2005.11.23"]
[Round "12"]
[White "Martinez, Marcel"]
[Black "Enkhbat, Tegshsuren"]
[Result "1/2-1/2"]
[WhiteElo "2451"]
[BlackElo "2420"]
[PlyCount "158"]
[EventDate "2015.05.30"]
[SourceDate "2015.05.31"]

1. e4 c6 2. d4 d5 3. Nd2 dxe4 4. Nxe4 Nd7 5. Nf3 Ngf6 6. Ng3 e6 7. Bd3 c5 8.
O-O Be7 9. Qe2 O-O 10. Rd1 Qc7 11. c4 Re8 12. b3 b6 13. Bb2 Bb7 14. Ne5 cxd4
15. Bxd4 Nxe5 16. Bxe5 Qc6 17. f3 Red8 18. Kh1 Rd7 19. Ne4 Rad8 20. Bc2 Nxe4
21. Bxe4 Qc8 22. Bc2 Bf6 23. Bxf6 gxf6 24. Qe1 Rxd1 25. Rxd1 Rxd1 26. Qxd1 Qc5
27. Qd3 Qh5 28. Kg1 Qh4 29. Qe3 h6 30. Bd3 Qg5 31. Kf2 Kf8 32. b4 Qh4+ 33. Kg1
Qg5 34. Qf2 Qc1+ 35. Bf1 Ba6 36. Qd4 Qe1 37. b5 Bb7 38. Qxf6 Qe3+ 39. Kh1 Qc1
40. Qd8+ Kg7 41. Qd4+ Kg8 42. Kg1 Qa3 43. Qg4+ Kf8 44. Qf4 Qc5+ 45. Kh1 h5 46.
h4 a5 47. Qb8+ Bc8 48. Bd3 Kg7 49. Be4 e5 50. Bd5 Kf6 51. Qa7 Be6 52. Bxe6 Kxe6
53. Qb7 Qf2 54. Qd5+ Kf6 55. Qc6+ Kg7 56. Qe4 f6 57. a4 Kh6 58. Kh2 Kg7 59. Kh3
Qg1 60. Kg3 Kh6 61. f4 exf4+ 62. Qxf4+ Kg6 63. Qe4+ Kh6 64. Qf4+ Kg6 65. Qf2
Qd1 66. Kh2 Qxa4 67. Qg3+ Kh6 68. Qf4+ Kg6 69. Qe4+ Kg7 70. Qb7+ Kg6 71. Qe4+
Kg7 72. Qe7+ Kg6 73. Qe8+ Kg7 74. Qd7+ Kg6 75. Qe8+ Kg7 76. Qd7+ Kg6 77. Qe8+
Kg7 78. Qe7+ Kg6 79. Qe8+ Kg7 1/2-1/2

[Event "USCL Baltimore vs Miami"]
[Site "?"]
[Date "2005.11.23"]
[Round "12"]
[White "Cabrera, Jose"]
[Black "Rohonyan, Katerina"]
[Result "0-1"]
[WhiteElo "2094"]
[BlackElo "2175"]
[PlyCount "88"]
[EventDate "2015.05.30"]
[SourceDate "2015.05.31"]

1. c4 c5 2. Nc3 g6 3. g3 Bg7 4. Nf3 Nc6 5. Bg2 e6 6. e4 Nge7 7. O-O O-O 8. d3
h6 9. Be3 Nd4 10. Bxd4 cxd4 11. Ne2 Nc6 12. Rb1 a5 13. Qa4 Qe7 14. a3 Ra7 15.
Rfe1 d6 16. Qc2 e5 17. b4 axb4 18. axb4 Bg4 19. b5 Nd8 20. Ra1 Rxa1 21. Rxa1
Ne6 22. h3 Bxf3 23. Bxf3 h5 24. Ra7 Qd7 25. Bg2 Bf6 26. f4 h4 27. f5 Nc5 28. g4
Bg5 29. Nc1 Be3+ 30. Kh1 Bxc1 31. Qxc1 Nxd3 32. Qh6 Nf4 33. f6 Ne6 34. g5 Rb8
35. Bf3 Qc8 36. Ra4 Qf8 37. Qxh4 Ra8 38. Rxa8 Qxa8 39. Qg3 Qa1+ 40. Kh2 Qb2+
41. Bg2 Nf4 42. Qg4 d3 43. Kg1 Qxg2+ 44. Qxg2 Nxg2 0-1